=LDR 00000nam 2200000 4500 =001 INLIS000000000041491 =005 20130612151025 =008 ***********************************ind** =035 ##$$a0010-061300000041491 =041 ##$$a ind =082 ##$$a 630 =090 ##$$a 630, Cah, t =100 ##$$a Cahyono, Bambang =245 ##$$a Teknik budi daya dan analisis usaha tani selada =260 ##$$a 2005 $b Semarang =300 ##$$a vi, 114 hlm., ilus., 21 cm =650 ##$$a selada =650 ##$$a Budi daya =850 ##$$a NBPNMAT =990 ##$$a 0001/BPAP-NTB/20142014 =990 ##$$a 00085375 =990 ##$$a 00086875